<?xml version="1.0" encoding="UTF-8"?>
<record
    xmlns:xsi="http://www.w3.org/2001/XMLSchema-instance"
    xsi:schemaLocation="http://www.loc.gov/MARC21/slim http://www.loc.gov/standards/marcxml/schema/MARC21slim.xsd"
    xmlns="http://www.loc.gov/MARC21/slim">

  <leader>00782nab a2200229 uc4500</leader>
  <controlfield tag="001">802684</controlfield>
  <controlfield tag="005">20250206123232.0</controlfield>
  <controlfield tag="008">030328e20030105                    spa  </controlfield>
  <datafield tag="035" ind1=" " ind2=" ">
    <subfield code="a">802684</subfield>
  </datafield>
  <datafield tag="035" ind1=" " ind2=" ">
    <subfield code="a">(OCoLC)820015185</subfield>
  </datafield>
  <datafield tag="040" ind1=" " ind2=" ">
    <subfield code="c">comduadb</subfield>
  </datafield>
  <datafield tag="041" ind1=" " ind2=" ">
    <subfield code="a">spa</subfield>
  </datafield>
  <datafield tag="100" ind1="1" ind2="0">
    <subfield code="a">Fisac, Taciana</subfield>
    <subfield code="4">aut</subfield>
    <subfield code="e">aut</subfield>
    <subfield code="9">366205</subfield>
  </datafield>
  <datafield tag="245" ind1="1" ind2="0">
    <subfield code="a">Para entender la literatura china</subfield>
  </datafield>
  <datafield tag="650" ind1=" " ind2="7">
    <subfield code="a">Literatura china</subfield>
    <subfield code="x">Historia y cr&#xED;tica</subfield>
    <subfield code="2">lemb</subfield>
    <subfield code="9">859823</subfield>
  </datafield>
  <datafield tag="650" ind1=" " ind2="7">
    <subfield code="a">Autores chinos</subfield>
    <subfield code="2">lemb</subfield>
    <subfield code="9">97815</subfield>
  </datafield>
  <datafield tag="650" ind1=" " ind2="7">
    <subfield code="a">Literatura moderna</subfield>
    <subfield code="2">lemb</subfield>
    <subfield code="9">8559</subfield>
  </datafield>
  <datafield tag="650" ind1=" " ind2=" ">
    <subfield code="a">Influencia de la literatura</subfield>
    <subfield code="9">25678</subfield>
  </datafield>
  <datafield tag="650" ind1=" " ind2="7">
    <subfield code="a">Creaci&#xF3;n literaria, art&#xED;stica, etc.</subfield>
    <subfield code="2">lemb</subfield>
    <subfield code="9">37993</subfield>
  </datafield>
  <datafield tag="773" ind1="0" ind2=" ">
    <subfield code="t">Quimera : Revista de Literatura (Barcelona)</subfield>
    <subfield code="g">N&#xFA;mero 224-225, Enero 2003, p. 34-39</subfield>
    <subfield code="w">111265</subfield>
    <subfield code="x">0211-3325</subfield>
    <subfield code="0">89608</subfield>
  </datafield>
  <datafield tag="942" ind1=" " ind2=" ">
    <subfield code="c">ARIMP</subfield>
  </datafield>
  <datafield tag="999" ind1=" " ind2=" ">
    <subfield code="c">275392</subfield>
    <subfield code="d">275392</subfield>
  </datafield>
</record>
